[Event "XI Open Amateur de Calvia"]
[Site "Calvia - Mallorca"]
[Date "2014.10.06"]
[Round "3"]
[Board "40"]
[White "Al Hosani, Omran"]
[Black "Hudson, Jeremy"]
[Result "1/2-1/2"]
[WhiteElo "1711"]
[BlackElo "1639"]
[PlyCount "54"]
[EventDate "2014.10.04"]
[EventRounds "9"]
[EventCountry "ESP"]

1. d4 Nf6 2. c4 e6 3. Nf3 Bb4+ 4. Nbd2 O-O 5. e3 b6 6. a3 Bxd2+ 7. Qxd2 Bb7 8.
Be2 d6 9. O-O Nbd7 10. b4 Ne4 11. Qc2 f5 12. Bb2 Ng5 13. d5 e5 14. Rad1 Ne4 15.
Bd3 Ndf6 16. Bxe4 Nxe4 17. c5 bxc5 18. bxc5 Nxc5 19. Nxe5 Ne4 20. Nf3 Qe7 21.
Rd4 Rab8 22. Rc1 Ba6 23. Ba1 g6 24. Ra4 Nc5 25. Rxa6 Nxa6 26. Nd4 Qe4 27. Qxe4
fxe4 1/2-1/2

[Event "XI Open Amateur de Calvia"]
[Site "Calvia - Mallorca"]
[Date "2014.10.06"]
[Round "3"]
[Board "43"]
[White "Garcia Comendador, Simon"]
[Black "Ferrer Agus, Rodrigo"]
[Result "1-0"]
[WhiteElo "1692"]
[BlackElo "1331"]
[PlyCount "55"]
[EventDate "2014.10.04"]
[EventRounds "9"]
[EventCountry "ESP"]

1. e4 e5 2. Nf3 Nc6 3. Bc4 Nf6 4. Ng5 d5 5. exd5 b5 6. Bxb5 Qxd5 7. Bxc6+ Qxc6
8. O-O Bb7 9. f3 Bc5+ 10. Kh1 O-O 11. d3 h6 12. Ne4 Rad8 13. Nbc3 Bd4 14. Qe2
Bxc3 15. Nxc3 Rfe8 16. Be3 Nd5 17. Nxd5 Qxd5 18. Bxa7 Ra8 19. Qf2 Qb5 20. a4
Qxb2 21. Rab1 Qa3 22. Rxb7 Qxa4 23. Rxc7 Qa5 24. Bb6 Qa6 25. f4 exf4 26. Qxf4
f6 27. Rxg7+ Kh8 28. Qxh6# 1-0

[Event "XI Open Amateur de Calvia"]
[Site "Calvia - Mallorca"]
[Date "2014.10.07"]
[Round "4"]
[Board "1"]
[White "Spence, David J"]
[Black "Sorm, Daniel"]
[Result "0-1"]
[WhiteElo "2222"]
[BlackElo "2315"]
[PlyCount "56"]
[EventDate "2014.10.04"]
[EventRounds "9"]
[EventCountry "ESP"]

1. e4 g6 2. d4 Bg7 3. Nc3 d6 4. Be3 c6 5. Nf3 Nf6 6. h3 O-O 7. Qd2 Nbd7 8. Bh6
e5 9. Bxg7 Kxg7 10. dxe5 dxe5 11. O-O-O Qe7 12. Qe3 a5 13. Be2 b5 14. g4 a4 15.
Nd2 b4 16. Ncb1 Nc5 17. g5 Nfd7 18. h4 Ne6 19. Rdg1 Nf4 20. h5 Qc5 21. Bg4 Ba6
22. Kd1 Rad8 23. hxg6 hxg6 24. Qg3 Qd6 25. Rh7+ Kxh7 26. Qh4+ Nh5 27. Bxh5 gxh5
28. Qxh5+ Kg7 0-1

[Event "XI Open Amateur de Calvia"]
[Site "Calvia - Mallorca"]
[Date "2014.10.07"]
[Round "4"]
[Board "2"]
[White "Longa Yauca, Javier"]
[Black "Bebchuk, Leonid"]
[Result "1-0"]
[WhiteElo "2277"]
[BlackElo "2063"]
[PlyCount "54"]
[EventDate "2014.10.04"]
[EventRounds "9"]
[EventCountry "ESP"]

1. d4 Nf6 2. c4 e6 3. Nf3 d5 4. Bg5 Be7 5. Nc3 h6 6. Bh4 O-O 7. Qc2 b6 8. Bxf6
Bxf6 9. e4 Bb7 10. O-O-O dxe4 11. Nxe4 Nd7 12. Kb1 Be7 13. Bd3 Qe8 14. Rhe1 Rd8
15. Ng3 Bxf3 16. gxf3 Bf6 17. f4 c5 18. d5 Rb8 19. dxe6 fxe6 20. Bg6 Qc8 21.
Qe4 Rd8 22. Qxe6+ Kh8 23. Bf5 Rb7 24. Ne4 Re8 25. Qd5 Rxe4 26. Rxe4 Bd4 27.
Qxb7 Qd8 1-0

[Event "XI Open Amateur de Calvia"]
[Site "Calvia - Mallorca"]
[Date "2014.10.07"]
[Round "4"]
[Board "3"]
[White "Gromovs, Sergejs"]
[Black "Alfven, Jorgen"]
[Result "0-1"]
[WhiteElo "2243"]
[BlackElo "1929"]
[PlyCount "74"]
[EventDate "2014.10.04"]
[EventRounds "9"]
[EventCountry "ESP"]

1. d4 d5 2. c4 c6 3. Nf3 Nf6 4. Nc3 e6 5. Bg5 h6 6. Bxf6 Qxf6 7. Qb3 dxc4 8.
Qxc4 Nd7 9. e4 Qd8 10. Be2 Be7 11. O-O O-O 12. b4 Nb6 13. Qb3 a5 14. b5 c5 15.
Rfd1 cxd4 16. Nxd4 Qc7 17. Rac1 Qb8 18. a4 e5 19. Nf5 Bg5 20. Rc2 Be6 21. Qa3
Bxf5 22. exf5 Rd8 23. g3 Rxd1+ 24. Bxd1 Qd8 25. Bf3 Rc8 26. Bxb7 Rc4 27. Re2
Qd3 28. Rxe5 Rb4 29. Re8+ Kh7 30. Be4 Qd4 31. Qa2 Nc4 32. Ne2 Qd1+ 33. Kg2 Nd2
34. h4 Qf1+ 35. Kh2 Qxf2+ 36. Bg2 Nf1+ 37. Kh1 Nxg3+ 0-1

[Event "XI Open Amateur de Calvia"]
[Site "Calvia - Mallorca"]
[Date "2014.10.07"]
[Round "4"]
[Board "4"]
[White "Sokalsky, Alexander"]
[Black "Al Khouri, Ismaeil E"]
[Result "1-0"]
[WhiteElo "2238"]
[BlackElo "2094"]
[PlyCount "87"]
[EventDate "2014.10.04"]
[EventRounds "9"]
[EventCountry "ESP"]

1. g3 Nf6 2. Bg2 d6 3. d4 Nbd7 4. e4 c6 5. Ne2 e5 6. O-O Be7 7. Nbc3 O-O 8. h3
Qc7 9. Be3 Re8 10. Re1 Bf8 11. Rc1 g6 12. d5 cxd5 13. Nxd5 Nxd5 14. Qxd5 Nb6
15. Qa5 Be6 16. b3 Nd5 17. Qxc7 Nxc7 18. c4 Rab8 19. Bxa7 Rbc8 20. Nc3 Na6 21.
Be3 Nb4 22. Re2 Ra8 23. Rd1 Ra6 24. a4 Rc8 25. Nb5 Nc6 26. Red2 Na5 27. Rd3 b6
28. Nxd6 Bxd6 29. Rxd6 Nxb3 30. Rxb6 Rxb6 31. Bxb6 Rxc4 32. a5 Ra4 33. Kh2 Bc4
34. Bc7 f6 35. Bb6 Bb5 36. h4 Kf8 37. Rd8+ Ke7 38. Rh8 h5 39. Rh7+ Ke6 40. Bh3+
Kd6 41. Rf7 Nd4 42. Bc7+ Kc5 43. Rxf6 Bd3 44. Bg2 1-0

[Event "XI Open Amateur de Calvia"]
[Site "Calvia - Mallorca"]
[Date "2014.10.07"]
[Round "4"]
[Board "6"]
[White "Lalic, Peter D"]
[Black "Ponce Cano, Adrian"]
[Result "1-0"]
[WhiteElo "2161"]
[BlackElo "1996"]
[PlyCount "31"]
[EventDate "2014.10.04"]
[EventRounds "9"]
[EventCountry "ESP"]

1. d3 d5 2. e4 c6 3. Nd2 e5 4. Ngf3 Bd6 5. d4 exd4 6. Bd3 Ne7 7. O-O Qc7 8. h3
a6 9. Re1 dxe4 10. Nxe4 c5 11. Neg5 Nd7 12. Nxf7 Kxf7 13. Ng5+ Ke8 14. Qh5+ g6
15. Bxg6+ hxg6 16. Qxg6+ 1-0

[Event "XI Open Amateur de Calvia"]
[Site "Calvia - Mallorca"]
[Date "2014.10.07"]
[Round "4"]
[Board "8"]
[White "Garcia Del Rey, Senen"]
[Black "Sokalskaja, Elena"]
[Result "1-0"]
[WhiteElo "2298"]
[BlackElo "2032"]
[PlyCount "53"]
[EventDate "2014.10.04"]
[EventRounds "9"]
[EventCountry "ESP"]

1. e4 c6 2. c4 d5 3. exd5 cxd5 4. cxd5 Nf6 5. Nc3 g6 6. Bc4 Bg7 7. Nf3 Nbd7 8.
Qb3 O-O 9. O-O Qb6 10. Re1 Re8 11. d4 Qxb3 12. Bxb3 a6 13. Ne5 Nb6 14. d6 e6
15. Bg5 h6 16. Bh4 g5 17. Bg3 Nh5 18. a4 Nd7 19. a5 b6 20. axb6 Nxb6 21. Na4
Nxa4 22. Bxa4 Rd8 23. d7 Bb7 24. Rac1 Bd5 25. Rc7 Rab8 26. Rec1 Bb7 27. R1c3
 1-0

[Event "XI Open Amateur de Calvia"]
[Site "Calvia - Mallorca"]
[Date "2014.10.07"]
[Round "4"]
[Board "9"]
[White "Galiana Salom, Juan Ramon"]
[Black "Svensson, Mikael"]
[Result "1-0"]
[WhiteElo "2263"]
[BlackElo "2021"]
[PlyCount "47"]
[EventDate "2014.10.04"]
[EventRounds "9"]
[EventCountry "ESP"]

1. e4 e6 2. d4 d5 3. Nd2 h6 4. Ngf3 Nf6 5. e5 Nfd7 6. Bd3 c5 7. c3 Nc6 8. O-O
g5 9. dxc5 g4 10. Nd4 Ncxe5 11. N2b3 Nxc5 12. Bb5+ Bd7 13. Re1 Bxb5 14. Nxb5
Ncd3 15. Re3 a6 16. N5d4 Nxc1 17. Rxe5 Bd6 18. Nxe6 Qb8 19. Ng7+ Kd7 20. Rxd5
Nxb3 21. Qxb3 Kc8 22. Rad1 Bxh2+ 23. Kh1 Qf4 24. Rf5 1-0

[Event "XI Open Amateur de Calvia"]
[Site "Calvia - Mallorca"]
[Date "2014.10.07"]
[Round "4"]
[Board "10"]
[White "Hoyer, Jacob"]
[Black "Gaitan Moyano, Juan"]
[Result "1-0"]
[WhiteElo "2193"]
[BlackElo "2015"]
[PlyCount "81"]
[EventDate "2014.10.04"]
[EventRounds "9"]
[EventCountry "ESP"]

1. d4 d5 2. c4 c6 3. Nf3 Nf6 4. e3 Bg4 5. Nc3 e6 6. Qb3 Qb6 7. Nh4 Be7 8. h3
Bh5 9. g4 Bg6 10. Nxg6 hxg6 11. Bg2 Nbd7 12. Bd2 Qc7 13. cxd5 exd5 14. Rc1 Qb6
15. Qc2 O-O 16. O-O Rfe8 17. b4 Qd8 18. b5 Nb6 19. bxc6 bxc6 20. Rfd1 Nc4 21.
Be1 Qd7 22. Bf1 Ba3 23. Rb1 Nb6 24. Na4 Nxa4 25. Qxa4 Bd6 26. Rdc1 Rac8 27. Ba6
Rc7 28. Ba5 Nxg4 29. hxg4 Qxg4+ 30. Kf1 Rce7 31. Be2 Qf5 32. Qc2 Qh3+ 33. Ke1
Bg3 34. Rb3 Bxf2+ 35. Kxf2 Qh4+ 36. Kg2 Qg5+ 37. Kf1 Qg3 38. Be1 Qh3+ 39. Kg1
Re5 40. dxe5 Rxe5 41. Bf1 1-0

[Event "XI Open Amateur de Calvia"]
[Site "Calvia - Mallorca"]
[Date "2014.10.07"]
[Round "4"]
[Board "11"]
[White "Jouanneaud, Jean Daniel"]
[Black "Khouri, Ibrahim Mohamed"]
[Result "1/2-1/2"]
[WhiteElo "1960"]
[BlackElo "2191"]
[PlyCount "34"]
[EventDate "2014.10.04"]
[EventRounds "9"]
[EventCountry "ESP"]

1. e4 c5 2. Nc3 d6 3. f4 Nc6 4. Nf3 g6 5. Bc4 Bg7 6. O-O Nf6 7. d3 O-O 8. h3 a6
9. a3 b5 10. Ba2 Bb7 11. g4 Nd7 12. h4 Nf6 13. Ng5 Qd7 14. f5 Ne5 15. h5 d5 16.
hxg6 hxg6 17. Bf4 Nfxg4 1/2-1/2

[Event "XI Open Amateur de Calvia"]
[Site "Calvia - Mallorca"]
[Date "2014.10.07"]
[Round "4"]
[Board "13"]
[White "Dugailliez, Guy"]
[Black "Hoenick, Andreas"]
[Result "0-1"]
[WhiteElo "1958"]
[BlackElo "2141"]
[PlyCount "50"]
[EventDate "2014.10.04"]
[EventRounds "9"]
[EventCountry "ESP"]

1. e4 e6 2. d4 d5 3. exd5 exd5 4. Bd3 c5 5. Nf3 Nc6 6. dxc5 Bxc5 7. O-O Nf6 8.
Bg5 O-O 9. Nc3 h6 10. Bh4 g5 11. Bg3 Re8 12. Qd2 Ne4 13. Bxe4 dxe4 14. Qxd8
Nxd8 15. Nd5 exf3 16. Nc7 Re7 17. Nxa8 f5 18. Rad1 Nf7 19. Rd5 b6 20. Rfd1 f4
21. gxf3 fxg3 22. Rd8+ Nxd8 23. Rxd8+ Kh7 24. Rxc8 gxf2+ 25. Kg2 Re1 0-1

[Event "XI Open Amateur de Calvia"]
[Site "Calvia - Mallorca"]
[Date "2014.10.07"]
[Round "4"]
[Board "14"]
[White "Stark, Ingo"]
[Black "Nettleton, Charlie B"]
[Result "1-0"]
[WhiteElo "2128"]
[BlackElo "1899"]
[PlyCount "57"]
[EventDate "2014.10.04"]
[EventRounds "9"]
[EventCountry "ESP"]

1. e4 d5 2. exd5 Qxd5 3. Nf3 Nf6 4. d4 Bg4 5. Be2 e6 6. h3 Bh5 7. O-O c6 8. c4
Qa5 9. Nc3 Bd6 10. Bd2 Qc7 11. d5 exd5 12. Nd4 Bg6 13. cxd5 O-O 14. Rc1 c5 15.
Ncb5 Qd7 16. Nxd6 cxd4 17. Bf4 Nxd5 18. Qxd4 Nxf4 19. Qxf4 Na6 20. Bb5 Qe6 21.
Bc4 Qd7 22. Bb5 Qe6 23. Nxb7 Rab8 24. Nd6 Rb6 25. Rfd1 h6 26. Bc4 Qe7 27. b3
Rd8 28. Nxf7 Rxd1+ 29. Rxd1 1-0

[Event "XI Open Amateur de Calvia"]
[Site "Calvia - Mallorca"]
[Date "2014.10.07"]
[Round "4"]
[Board "16"]
[White "Molet, Asher"]
[Black "Schuermans, Robert"]
[Result "0-1"]
[WhiteElo "1783"]
[BlackElo "2085"]
[PlyCount "48"]
[EventDate "2014.10.04"]
[EventRounds "9"]
[EventCountry "ESP"]

1. d4 Nf6 2. Nf3 e6 3. Bg5 h6 4. Bh4 d6 5. c3 g5 6. Bg3 Nh5 7. Nbd2 Bg7 8. e4
Nd7 9. Bd3 Nxg3 10. hxg3 Qe7 11. Qe2 e5 12. g4 c6 13. O-O-O Nb6 14. dxe5 dxe5
15. Nh2 Be6 16. Kb1 O-O-O 17. f3 Kb8 18. Nhf1 Qc7 19. Ne3 Na4 20. Bc4 Bxc4 21.
Qxc4 Nxb2 22. Kxb2 Qb6+ 23. Qb3 Qxe3 24. Rhe1 Rxd2+ 0-1

[Event "XI Open Amateur de Calvia"]
[Site "Calvia - Mallorca"]
[Date "2014.10.07"]
[Round "4"]
[Board "20"]
[White "Bullock, Lee"]
[Black "Pena Torres, Jose Carlos"]
[Result "0-1"]
[WhiteElo "1486"]
[BlackElo "2043"]
[PlyCount "58"]
[EventDate "2014.10.04"]
[EventRounds "9"]
[EventCountry "ESP"]

1. Nf3 Nf6 2. d4 e6 3. c4 Bb4+ 4. Nc3 O-O 5. Bg5 h6 6. Bh4 c5 7. e3 d6 8. Qc2
Nbd7 9. Bd3 cxd4 10. exd4 e5 11. O-O-O Qa5 12. Kb1 Bxc3 13. bxc3 e4 14. Bxe4
Nxe4 15. Qxe4 Nb6 16. d5 Na4 17. Qd4 Nxc3+ 18. Kb2 Nxd1+ 19. Rxd1 Re8 20. Rd2
Bf5 21. a3 Re4 22. Qc3 Qc7 23. Rd4 Rc8 24. Kb3 b5 25. Nd2 bxc4+ 26. Rxc4 Rxc4
27. Qxc4 Qb7+ 28. Qb4 Qxd5+ 29. Nc4 Qd3+ 0-1

[Event "XI Open Amateur de Calvia"]
[Site "Calvia - Mallorca"]
[Date "2014.10.07"]
[Round "4"]
[Board "21"]
[White "Khouri, Ahmed Abbas"]
[Black "Cerdo Fernandez, Miguel"]
[Result "0-1"]
[WhiteElo "2008"]
[BlackElo "1911"]
[PlyCount "82"]
[EventDate "2014.10.04"]
[EventRounds "9"]
[EventCountry "ESP"]

1. e4 Nf6 2. e5 Nd5 3. c4 Nb6 4. d4 d6 5. exd6 cxd6 6. Nc3 g6 7. Be3 Bg7 8. Rc1
O-O 9. b3 Nc6 10. d5 Ne5 11. f4 Ng4 12. Bd4 e5 13. dxe6 Bxe6 14. Be2 Nf6 15.
Nf3 d5 16. c5 Nbd7 17. O-O a6 18. b4 Nb8 19. Ne5 Nc6 20. Nxc6 bxc6 21. a4 Qd7
22. b5 axb5 23. axb5 cxb5 24. Bxb5 Qc7 25. Na4 Qa5 26. Rb1 Bf5 27. Rb2 Be4 28.
c6 Rfb8 29. Nc3 Ne8 30. Bxg7 Kxg7 31. Qd4+ Kg8 32. Ra2 Qxa2 33. Nxa2 Rxa2 34.
Rc1 Rxb5 35. Qe5 Rxg2+ 36. Kf1 Rbb2 37. Qxe8+ Kg7 38. Qe5+ Kh6 39. Rd1 Rxh2 40.
Qg5+ Kg7 41. Qe5+ f6 0-1

[Event "XI Open Amateur de Calvia"]
[Site "Calvia - Mallorca"]
[Date "2014.10.07"]
[Round "4"]
[Board "22"]
[White "Schweighofer, Josef"]
[Black "Zayed, Ali Al-Hamed"]
[Result "0-1"]
[WhiteElo "1897"]
[BlackElo "1984"]
[PlyCount "46"]
[EventDate "2014.10.04"]
[EventRounds "9"]
[EventCountry "ESP"]

1. d4 Nf6 2. c4 g6 3. Nf3 d5 4. Nc3 Bg7 5. g3 c5 6. dxc5 Qa5 7. cxd5 Nxd5 8.
Qa4+ Qxa4 9. Nxa4 Bd7 10. c6 Bxc6 11. Nc5 Nb4 12. Kd1 O-O 13. Nb3 Rd8+ 14. Nbd2
Ba4+ 15. b3 Bxa1 16. bxa4 Nxa2 17. Ba3 Nc3+ 18. Kc2 Nxa4 19. Bg2 Bg7 20. Rb1
Rd7 21. Ng5 Nc6 22. e3 Rc8 23. Kd1 Nc3+ 0-1

[Event "XI Open Amateur de Calvia"]
[Site "Calvia - Mallorca"]
[Date "2014.10.07"]
[Round "4"]
[Board "24"]
[White "Nicholson, John"]
[Black "Andreu Lopez, Santiago"]
[Result "1-0"]
[WhiteElo "1781"]
[BlackElo "1939"]
[PlyCount "61"]
[EventDate "2014.10.04"]
[EventRounds "9"]
[EventCountry "ESP"]

1. e4 c5 2. Nc3 e6 3. f4 a6 4. a4 d5 5. Nf3 d4 6. Ne2 Nf6 7. d3 Nc6 8. Ng3 Be7
9. Be2 O-O 10. O-O b6 11. e5 Nd5 12. Ne4 Bb7 13. c4 Ndb4 14. Nfg5 h6 15. Nh3 f6
16. exf6 Bxf6 17. f5 exf5 18. Rxf5 Be5 19. Bg4 Qc7 20. Nhg5 hxg5 21. Nxg5 Bxh2+
22. Kh1 Rxf5 23. Bxf5 g6 24. Bxg6 Ne5 25. Bh7+ Kh8 26. Qh5 Rf8 27. Bf5+ Kg8 28.
Be6+ Rf7 29. Qxh2 Qc6 30. Bxf7+ Kg7 31. Qxe5+ 1-0

[Event "XI Open Amateur de Calvia"]
[Site "Calvia - Mallorca"]
[Date "2014.10.07"]
[Round "4"]
[Board "26"]
[White "Abrines Sampol, Llorenç"]
[Black "Moreno Mateos, Jose Luis"]
[Result "1-0"]
[WhiteElo "1756"]
[BlackElo "1921"]
[PlyCount "35"]
[EventDate "2014.10.04"]
[EventRounds "9"]
[EventCountry "ESP"]

1. e4 c6 2. f4 d5 3. exd5 cxd5 4. d4 Nc6 5. Nf3 Bg4 6. Be2 e6 7. O-O Bd6 8. h3
Bf5 9. c3 Rc8 10. Bd3 Nge7 11. Re1 a6 12. Ne5 Bxd3 13. Nxd3 Nf5 14. Qg4 h5 15.
Qxf5 Be7 16. Rxe6 fxe6 17. Qxe6 Qd6 18. Qxc8+ 1-0

[Event "XI Open Amateur de Calvia"]
[Site "Calvia - Mallorca"]
[Date "2014.10.08"]
[Round "5"]
[Board "1"]
[White "Sorm, Daniel"]
[Black "Longa Yauca, Javier"]
[Result "0-1"]
[WhiteElo "2315"]
[BlackElo "2277"]
[PlyCount "78"]
[EventDate "2014.10.04"]
[EventRounds "9"]
[EventCountry "ESP"]

1. d4 Nf6 2. c4 e6 3. Nc3 Bb4 4. e3 c5 5. Bd3 Nc6 6. Nge2 d6 7. O-O O-O 8. Qc2
h6 9. a3 Ba5 10. b3 Bd7 11. Bb2 Qe7 12. dxc5 dxc5 13. f4 Ng4 14. Rf3 f5 15. h3
Nf6 16. Kh2 Rad8 17. Rg1 h5 18. Rg3 Bc7 19. Kh1 Bc8 20. Rg5 Kf7 21. e4 g6 22.
exf5 gxf5 23. Nb5 Bb8 24. Rf1 h4 25. g4 hxg3 26. Rxg3 Rg8 27. Rfg1 a6 28. Nbc3
Rxg3 29. Rxg3 Rg8 30. Rxg8 Kxg8 31. Qc1 Nh5 32. Qg1+ Kf7 33. Qg5 Nxf4 34. Qh6
Nxd3 35. Qh5+ Kg8 36. Qg6+ Kf8 37. Nd5 exd5 38. Qh6+ Ke8 39. Qg6+ Qf7 0-1

[Event "XI Open Amateur de Calvia"]
[Site "Calvia - Mallorca"]
[Date "2014.10.08"]
[Round "5"]
[Board "2"]
[White "Alfven, Jorgen"]
[Black "Sokalsky, Alexander"]
[Result "0-1"]
[WhiteElo "1929"]
[BlackElo "2238"]
[PlyCount "80"]
[EventDate "2014.10.04"]
[EventRounds "9"]
[EventCountry "ESP"]

1. d4 Nf6 2. c4 e6 3. Nf3 d5 4. Nc3 Be7 5. e3 O-O 6. Bd3 dxc4 7. Bxc4 c5 8. O-O
Nc6 9. dxc5 Bxc5 10. Qe2 e5 11. Rd1 Qe7 12. Na4 e4 13. Nd4 Bd6 14. h3 Ne5 15.
Nc3 Nxc4 16. Qxc4 Qe5 17. f4 exf3 18. Nxf3 Qe7 19. Nd5 Nxd5 20. Qxd5 Rd8 21.
Kh1 Be6 22. Qh5 f6 23. Nd4 Be5 24. Qe2 Rac8 25. Nf3 Rxd1+ 26. Qxd1 Rd8 27. Qe2
Bc7 28. Bd2 a6 29. a3 b5 30. Bb4 Qd7 31. Bc5 Bc4 32. Qf2 Qf5 33. b4 Qg6 34. Bd4
Bg3 35. Qg1 Rd5 36. Nd2 Be2 37. Nf1 Bd6 38. Ra2 Bc4 39. Ra1 Rh5 40. Nd2 Qg3 0-1

[Event "XI Open Amateur de Calvia"]
[Site "Calvia - Mallorca"]
[Date "2014.10.08"]
[Round "5"]
[Board "3"]
[White "Lalic, Peter D"]
[Black "Gavrish, Leonid"]
[Result "0-1"]
[WhiteElo "2161"]
[BlackElo "2217"]
[PlyCount "90"]
[EventDate "2014.10.04"]
[EventRounds "9"]
[EventCountry "ESP"]

1. c3 Nf6 2. d4 g6 3. Bg5 Bg7 4. Nd2 d5 5. Ngf3 O-O 6. e3 b6 7. Bd3 Bb7 8. Qc2
c5 9. Rd1 Nc6 10. O-O Rc8 11. Qb1 Qd7 12. Bb5 cxd4 13. exd4 Qd6 14. Rfe1 a6 15.
Bd3 Nh5 16. Bh4 f5 17. Ng5 e5 18. Nc4 dxc4 19. Bxc4+ Kh8 20. dxe5 Qc5 21. Nf7+
Rxf7 22. Bxf7 Nxe5 23. Be6 Re8 24. b4 Qxc3 25. Qb3 Qxb3 26. Bxb3 Nf4 27. Bg3 g5
28. Bxf4 gxf4 29. f3 Bf6 30. Kh1 Re7 31. Rd6 Bh4 32. Rf1 Bc6 33. Re6 Kg7 34.
Rxe7+ Bxe7 35. a3 a5 36. bxa5 bxa5 37. a4 Kf6 38. Rc1 Ba3 39. Rd1 Nxf3 40. Ra1
Bb2 41. Ra2 Bd4 42. gxf3 Bxf3+ 43. Rg2 Bb7 44. h3 f3 45. Be6 Ke5 0-1

[Event "XI Open Amateur de Calvia"]
[Site "Calvia - Mallorca"]
[Date "2014.10.08"]
[Round "5"]
[Board "4"]
[White "Stark, Ingo"]
[Black "Garcia Del Rey, Senen"]
[Result "1-0"]
[WhiteElo "2128"]
[BlackElo "2298"]
[PlyCount "103"]
[EventDate "2014.10.04"]
[EventRounds "9"]
[EventCountry "ESP"]

1. e4 c5 2. Nf3 Nc6 3. d4 cxd4 4. Nxd4 g6 5. Nc3 Bg7 6. Be3 Nf6 7. Bc4 O-O 8.
Bb3 a5 9. a4 Ng4 10. Qxg4 Nxd4 11. Qd1 Nxb3 12. cxb3 d6 13. Qd2 Be6 14. Nd5
Bxd5 15. exd5 Qd7 16. O-O b5 17. Bd4 Bxd4 18. Qxd4 Rfb8 19. Qe3 Rb7 20. Rfd1
Rc8 21. h3 Rc2 22. Rd2 Rxd2 23. Qxd2 bxa4 24. Rxa4 Rxb3 25. Rxa5 Qb7 26. Qd4
Rxb2 27. Ra7 Rb4 28. Qe3 Qxd5 29. Rxe7 Kg7 30. Kh2 h5 31. Qe1 Qd4 32. g3 h4 33.
gxh4 Qxh4 34. Re3 Rf4 35. Kg2 Qf6 36. Qe2 d5 37. Rd3 Qf5 38. Rg3 d4 39. Kg1 Re4
40. Qd2 Qe5 41. Kf1 Qd5 42. Kg1 Qe6 43. Kh2 Qe5 44. Kg2 Re2 45. Qd3 f5 46. Kg1
Re1+ 47. Kg2 f4 48. Qxg6+ Kf8 49. Qg8+ Ke7 50. Rg7+ Kd6 51. Qd8+ Kc6 52. Rg6+
 1-0

[Event "XI Open Amateur de Calvia"]
[Site "Calvia - Mallorca"]
[Date "2014.10.08"]
[Round "5"]
[Board "5"]
[White "Schuermans, Robert"]
[Black "Galiana Salom, Juan Ramon"]
[Result "1-0"]
[WhiteElo "2085"]
[BlackElo "2263"]
[PlyCount "63"]
[EventDate "2014.10.04"]
[EventRounds "9"]
[EventCountry "ESP"]

1. e4 e6 2. d4 d5 3. Nc3 Nf6 4. Bg5 Bb4 5. e5 h6 6. Bd2 Bxc3 7. bxc3 Ne4 8. Qg4
g6 9. Bd3 Nxd2 10. Kxd2 c5 11. Rb1 c4 12. Be2 Qe7 13. Nf3 Nd7 14. h4 b6 15. Qf4
Bb7 16. Nh2 f5 17. exf6 Nxf6 18. Bf3 h5 19. Rhe1 O-O-O 20. Re5 Nd7 21. Rg5 Rhf8
22. Qg3 e5 23. Re1 e4 24. Rxg6 Qh7 25. Bd1 Rxf2+ 26. Kc1 Rdf8 27. Rg7 Qh6+ 28.
Kb2 Qd2 29. Nf3 R2xf3 30. gxf3 e3 31. Qd6 Rd8 32. Reg1 1-0

[Event "XI Open Amateur de Calvia"]
[Site "Calvia - Mallorca"]
[Date "2014.10.08"]
[Round "5"]
[Board "8"]
[White "Pena Torres, Jose Carlos"]
[Black "Hoyer, Jacob"]
[Result "0-1"]
[WhiteElo "2043"]
[BlackElo "2193"]
[PlyCount "134"]
[EventDate "2014.10.04"]
[EventRounds "9"]
[EventCountry "ESP"]

1. e4 c5 2. Nf3 Nc6 3. d4 cxd4 4. Nxd4 Nf6 5. Nc3 e5 6. Ndb5 d6 7. a4 Be7 8.
Nd5 Nxd5 9. exd5 Nb8 10. c4 Nd7 11. Bd3 O-O 12. O-O f5 13. f4 a6 14. Nc3 exf4
15. Rxf4 Ne5 16. Be2 Bd7 17. Qb3 Rb8 18. Rf1 Bg5 19. Bf4 Bxf4 20. Rxf4 Qg5 21.
Raf1 Ng6 22. R4f2 Qe3 23. Qb4 Rf6 24. Kh1 Ne5 25. Nd1 Qg5 26. a5 Rh6 27. Qc3
Rc8 28. b3 Rh4 29. Qe3 Qxe3 30. Nxe3 Re4 31. Nc2 Re8 32. g3 g5 33. Bf3 Nxf3 34.
Rxf3 Kg7 35. Kg2 R8e5 36. R1f2 Kf6 37. Rd3 h5 38. Nd4 h4 39. Nf3 h3+ 40. Kg1
Re7 41. Nd4 Re3 42. Rxe3 Rxe3 43. Rd2 Ke5 44. Kf2 f4 45. Nf3+ Kf5 46. gxf4 gxf4
47. b4 Rc3 48. Nd4+ Ke4 49. c5 dxc5 50. bxc5 Rxc5 51. Ne6 Rxa5 52. Nf8 Rxd5 53.
Rxd5 Kxd5 54. Nxd7 b5 55. Kf3 a5 56. Kxf4 a4 57. Ne5 Kd4 58. Nf3+ Kc3 59. Ke3
a3 60. Nd4 a2 61. Nxb5+ Kb2 62. Nd4 a1=Q 63. Nf3 Qf1 64. Kf4 Kc2 65. Kg3 Qg2+
66. Kf4 Kd3 67. Ne1+ Ke2 0-1

[Event "XI Open Amateur de Calvia"]
[Site "Calvia - Mallorca"]
[Date "2014.10.08"]
[Round "5"]
[Board "9"]
[White "Lorenz, Joerg"]
[Black "Planas Gene, Juan"]
[Result "1/2-1/2"]
[WhiteElo "2157"]
[BlackElo "2050"]
[PlyCount "80"]
[EventDate "2014.10.04"]
[EventRounds "9"]
[EventCountry "ESP"]

1. e4 e5 2. Nf3 Nf6 3. Bc4 Nxe4 4. Nc3 Nd6 5. Bb3 Nc6 6. Qe2 Be7 7. Nxe5 O-O 8.
O-O Nxe5 9. Qxe5 Bf6 10. Qf4 Bg5 11. Qf3 Qf6 12. Qxf6 Bxf6 13. Nd5 Bd8 14. d4
c6 15. Ne3 Nb5 16. d5 Nd4 17. Bc4 d6 18. c3 Nf5 19. Rd1 Re8 20. Bd3 Nxe3 21.
Bxe3 Bg4 22. Rd2 c5 23. Bf4 Bc7 24. f3 Bd7 25. a4 Re7 26. Kf1 Rae8 27. Bb5 a6
28. Bxd7 Rxd7 29. Re2 Rde7 30. Rae1 Kf8 31. Re4 Rxe4 32. fxe4 f6 33. Kf2 b5 34.
Kf3 f5 35. axb5 axb5 36. g4 fxe4+ 37. Rxe4 Rxe4 38. Kxe4 g6 39. b3 Kf7 40. c4
b4 1/2-1/2

[Event "XI Open Amateur de Calvia"]
[Site "Calvia - Mallorca"]
[Date "2014.10.08"]
[Round "5"]
[Board "10"]
[White "Cemborain Oricain, Alfonso"]
[Black "Tscharotschkin, Michael"]
[Result "0-1"]
[WhiteElo "1896"]
[BlackElo "2144"]
[PlyCount "92"]
[EventDate "2014.10.04"]
[EventRounds "9"]
[EventCountry "ESP"]

1. e4 c5 2. Nc3 e6 3. g3 d5 4. Bg2 Nf6 5. exd5 exd5 6. Nge2 d4 7. Nb1 Bd6 8.
O-O O-O 9. d3 Re8 10. Na3 Nc6 11. Nc4 Bc7 12. Nf4 Bg4 13. Bf3 Qd7 14. Bxg4 Nxg4
15. Nd5 Qxd5 16. Qxg4 f5 17. Qh5 g6 18. Qd1 Re6 19. a4 Rae8 20. Bd2 Re2 21. f3
a6 22. a5 f4 23. Rf2 Rxf2 24. Kxf2 Re6 25. g4 Qd8 26. Qf1 Qh4+ 27. Kg2 Qe7 28.
Re1 Kf7 29. Rxe6 Qxe6 30. Qe1 Qxe1 31. Bxe1 Ke6 32. Bd2 g5 33. h4 h6 34. hxg5
hxg5 35. Kf2 Kd5 36. Ke2 Nd8 37. b4 Nc6 38. c3 dxc3 39. Bxc3 cxb4 40. Bf6 Bd8
41. Bxd8 Nxd8 42. Nd2 Ne6 43. Ne4 Nd4+ 44. Kf2 Ne6 45. Ke2 b3 46. Kd1 Nd4 0-1

[Event "XI Open Amateur de Calvia"]
[Site "Calvia - Mallorca"]
[Date "2014.10.08"]
[Round "5"]
[Board "12"]
[White "Khouri, Ibrahim Mohamed"]
[Black "Zayed, Ali Al-Hamed"]
[Result "1-0"]
[WhiteElo "2191"]
[BlackElo "1984"]
[PlyCount "71"]
[EventDate "2014.10.04"]
[EventRounds "9"]
[EventCountry "ESP"]

1. e4 e5 2. Nf3 Nc6 3. Bb5 Nf6 4. d3 Bc5 5. c3 d6 6. O-O O-O 7. Nbd2 a6 8. Ba4
b5 9. Bb3 d5 10. exd5 Nxd5 11. Ne4 Be7 12. Re1 Nf6 13. Ng3 Bd6 14. a4 Rb8 15.
axb5 axb5 16. h3 Re8 17. Ng5 Rf8 18. Qf3 Bb7 19. N5e4 Nxe4 20. dxe4 Ne7 21. Bg5
Bc8 22. Nh5 Be6 23. Nxg7 Kxg7 24. Bf6+ Kg6 25. h4 h6 26. Bd5 Qd7 27. Re3 c6 28.
Qg3+ Kxf6 29. Rf3+ Bf5 30. Bb3 Rg8 31. Qh3 Kg7 32. exf5 Kf8 33. f6 Qxh3 34.
fxe7+ Kxe7 35. Rxh3 Bc5 36. Rd3 1-0